| 000 | 00914nam a2200253ra 4500 | ||
|---|---|---|---|
| 001 | 5459 | ||
| 003 | BD-RjUL | ||
| 005 | 20211208234053.0 | ||
| 008 | 131226s1962 nyu 000 0 eng d | ||
| 035 | _a(BD-RjUL)5495 | ||
| 040 |
_aNZOC _beng _cNZOC _dBD-RjUL |
||
| 041 | _aeng | ||
| 082 |
_a 332.1 _bABE 1962 |
||
| 100 | 1 |
_aAbs, Hermann Josef. _917139 |
|
| 245 | 1 | 0 |
_aEconomic growth ; Balance of payments / _cby Hermann J. Abs, Gabriel S. Hauge, Robert V. Roosa and resolutions adopted at the 88th annual convention of the American Bankers Association. |
| 246 | 3 | 0 | _aBalance of payments |
| 260 |
_aNew York, N.Y. : _bAmerican Bankers Association, _c1962. |
||
| 300 |
_a40 p. _c23 cm. |
||
| 650 | 0 |
_aBanks and banking _zUnited States. _917140 |
|
| 651 | 0 |
_aUnited States _xEconomic policy. _917141 |
|
| 651 | 0 |
_aEurope _xEconomic policy. _912474 |
|
| 710 | 2 |
_aAmerican Bankers Association. _917142 |
|
| 942 |
_2ddc _cBK |
||
| 999 |
_c5459 _d5459 |
||